Antworten mit gleichem Anfangs- und Endbuchstaben: A – B - Statistiken

Allgemein
  • Dieses Quiz wurde 358 mal gespielt
  • Das Durchschnittsergebnis liegt bei 21 aus 40
Antwortstatistiken
Hinweis Antwort % Korrekt
griechischer Buchstabe Alpha
96%
der "schwarze Kontinent" Afrika
93%
nördlichster US-Bundesstaat Alaska
87%
Papageiengattung (3 Buchstaben) Ara
86%
Fremdwortbestandteil mit der Bedeutung "Wasser" aqua
79%
süddeutsch/österreichisch/schweizerisch: Junge, Knabe Bub
76%
Hauptschlagader Aorta
73%
Abkürzung des bekanntesten Dortmunder Sportvereins BVB
71%
Wintersportgerät Bob
67%
Teilgebiet der Mathematik (7 Buchstaben) Algebra
66%
Bezirk der Stadt Hamburg Altona
66%
verweil! bleib!
62%
"zu den Akten" (lateinisch; 2 Wörter) ad acta
60%
lautmalerisch für im Wasser aufsteigende Luftblasen blubb
60%
häufiger weiblicher Vorname in Deutschland; häufiger männlicher Vorname in Italien Andrea
59%
hinunter bergab
58%
Geruch oder Geschmack; Inhaltsstoff von Lebensmitteln, der für einen bestimmten Geruch und Geschmack sorgt Aroma
56%
Hunnenkönig im 5. Jahrhundert Attila
56%
Versammlungsraum Aula
56%
Straftat, bei der Geld und evtl. weitere Wertgegenstände aus einem Geldinstitut entwendet werden Bankraub
56%
Erkrankung der Atemwege Asthma
55%
Name des bekanntesten Aachener Sportvereins Alemannia
54%
Liste von abzuarbeitenden Dingen; politische Zielsetzung Agenda
52%
ägyptische Millionenstadt Alexandria
52%
Hauptstadt des US-Bundesstaats Georgia Atlanta
52%
Firma, Unternehmen, Produktionsstätte Betrieb
52%
Chorgesang ohne oder mit minimaler Instrumentalbegleitung (2 Wörter) A cappella
51%
Name der kasachischen Hauptstadt von 1998 bis 2019 und seit September 2022 Astana
51%
spanische Kriegsflotte Armada
49%
Textilfaser, die aus den Haaren einer bestimmten Kaninchenrasse gewonnen wird Angora
48%
Mandelentzündung (umgangssprachlich) Angina
47%
norwegische Popgruppe a-ha
41%
Thorax Brustkorb
28%
Affenbrotbaum Baobab
19%
Blätter eines Baumes mit heller Rinde (10 Buchstaben) Birkenlaub
19%
Faustschlag bei einer bestimmten Kampfsportart Boxhieb
18%
Kurort im Spessart (2 Wörter) Bad Orb
16%
Einheit eines Bäckereiprodukts Brotlaib
15%
Pollen von Samenpflanzen Blütenstaub
8%
Beiname von Beethovens 23. Klaviersonate ("Die Leidenschaftliche") Appassionata
3%
Keine übereinstimmenden Quizze gefunden
Verteilung der Resultate
Anzahl Personen mit jedem Resultat
Perzentil nach korrekt beantworteten Fragen
Ihre Resultats-Entwicklung
Sie haben dieses Quiz noch nicht gespielt